Amateur Football Teams of Gelderland - Statistics

General Stats
  • This quiz has been taken 9 times
  • The average score is 34 of 344
Answer Stats
Club % Correct
ASV Groen Wit '62
75%
CSV Apeldoorn
75%
ASV Apeldoornse Boys
63%
AZC Zutphen
63%
FC Zutphen
63%
SV Epe
63%
SV Vaassen
63%
VIOS Vaassen
63%
VV Ede/Victoria
63%
AVV Columbia
50%
SV 't Harde
50%
Sv Twello
50%
Victoria Boys
50%
VV Hattem
50%
VV Sparta Nijkerk
50%
WSV
50%
Alexandria
38%
ASV Zuid Arnhem
38%
CSV Oranje Blauw
38%
DTS Ede
38%
ESC
38%
FC Horst
38%
KCVO
38%
OWIOS
38%
SC Klarenbeek
38%
SC Oranje (Arnhem)
38%
SDC Putten
38%
SML
38%
SP Teuge
38%
SV Voorwaarts
38%
UVV Albatross
38%
VDZ
38%
VV Beekbergen
38%
VV Emst
38%
VV Heerde
38%
VV Nunspeet
38%
VVO
38%
VVOG
38%
VVOP
38%
VV Rood Wit
38%
Arnhemse Boys
25%
AZSV
25%
De Treffers
25%
Eerbeekse Boys
25%
FC Winterswijk
25%
MASV
25%
NSC
25%
Robur et Velocitas
25%
SEH
25%
SP Lochem
25%
SV AWC
25%
SV Blauw Wit
25%
SV Hatto Heim
25%
SV Nijmegen
25%
SV Orderbos
25%
SV Orion
25%
Veensche Boys
25%
VV Eldenia
25%
VV Elspeet
25%
VV Hierden
25%
VV Hulshorst
25%
VV Kesteren
25%
VV Loenermark
25%
VV Oene
25%
VV TKA
25%
VV Voorst
25%
Warnsveldse Boys
25%
WWNA
25%
WZC Wapenveld
25%
Achilles '29
13%
D.S.C.
13%
DVS '33
13%
DVV Duiven
13%
DZC '68
13%
Eendracht Arnhem
13%
Excelsior Zetten
13%
FC Jeugd '90
13%
FC Trias
13%
Focus '07
13%
GVV
13%
KSV Fortissimo
13%
OVC '85
13%
Pax Hengelo
13%
SC Doesburg
13%
SCE
13%
SCH
13%
SC Hoevelaken
13%
SC Veluwezoom
13%
SC Westervoort
13%
SC Woezik
13%
SDV Barneveld
13%
SKV
13%
SP Eefde
13%
SP Groessen
13%
SV DCS
13%
SV de Paasberg
13%
SV DFS
13%
SV Harskamp
13%
SV Juliana '31
13%
SV Leones
13%
SV Loo
13%
SV Otterlo
13%
SV Terwolde
13%
SV Wissel
13%
Theole
13%
VEVO
13%
VV Activia
13%
VV Advendo '57
13%
VV Arnhemia
13%
VV Barneveld
13%
VV Batavia
13%
VV Bennekom
13%
VV Blauw Geel '55
13%
Vv de Bataven
13%
VV De Kieviten
13%
VV Doetinchem
13%
VV Elsweide
13%
VV Gorssel
13%
VV Lunteren
13%
VV Oeken
13%
VV Ruurlo
13%
VV Scherpenzeel
13%
VV SHE
13%
VV Stroe
13%
VV Terschuurse Boys
13%
VV VIOD
13%
VV Vorden
13%
VV Wapenveld
13%
WHC
13%
WVV Wageningen
13%
ZVV '56
13%
ZVV De Hoven
13%
Zwart Wit '63
13%
ZZC '20
13%
AAC-Olympia
0%
AD '69
0%
Ajax Breedenbroek
0%
Anadolu '90
0%
Angerlo Vooruit
0%
Aquila
0%
ASH
0%
AVIOS
0%
AVW '66
0%
Beuningse Boys
0%
BVC '12
0%
BZC '14
0%
CHRC
0%
CVV Redichem
0%
CVV Vriendenschaar
0%
Dierensche Boys
0%
DIO '30
0%
DSV '61
0%
DSZ
0%
DVC'26
0%
DVOL
0%
DVOV
0%
DVSG
0%
Edesche Boys
0%
EFC '58
0%
EGVV
0%
Elistha
0%
EMM Randwijk
0%
ESA Rijkerswoerd
0%
ESCA
0%
EZC '84
0%
FC Bergh
0%
FC Dinxperlo
0%
FC Eibergen
0%
FC Gelre
0%
FC Lienden
0%
FC Presikhaaf
0%
Groesbeekse Boys
0%
GSV '38
0%
GSV '63
0%
GVA Doornenburg
0%
GVC
0%
GVV '63
0%
GWVV
0%
HC '03
0%
Herovina
0%
HRC '14
0%
ISC
0%
Jonge Kracht
0%
Kolping-Dynamo
0%
KSH
0%
KSV Vragender
0%
Longa '30
0%
MVV '58
0%
Nivo Sparta
0%
NSVV FC Kunde
0%
NVC
0%
ONA '53
0%
Overasseltse Boys
0%
Quick 1888
0%
RKHVV
0%
RKPSC
0%
RKSV Brakkenstein
0%
RKSV Driel
0%
RKSV 't Peeske
0%
RKTVC
0%
RKVSC
0%
RKVV HAVO
0%
RKZVC
0%
RODA '28
0%
Roda Boys Bommelerwaard
0%
Rood-Wit '58
0%
Rossumse Voetbalvereniging
0%
RVV Rhelico
0%
RVW
0%
SC Brummen
0%
SCD '33
0%
SC DIOSA
0%
SC EDS
0%
SC Meddo
0%
SC Millingen
0%
SC Rijnland
0%
SCS
0%
SC Valburg
0%
SC Varsseveld
0%
SCZ
0%
SDOUC
0%
SDS '55
0%
SDZZ
0%
SMVC Fair Play
0%
SP Haarlo
0%
SP Neede
0%
Sportclub Bemmel
0%
Sportclub N.E.C.
0%
SP Rekken
0%
SP Silvolde
0%
SV Almen
0%
SV Angeren
0%
SV Babberich
0%
SV Basteom
0%
SV Beatrix
0%
SV Bredevoort
0%
SV Buren
0%
SVBV
0%
SV Concordia-Wehl
0%
SV Cupa
0%
SV De Glind
0%
SV de Valleivogels
0%
SVDW '75
0%
SV Epse
0%
SV Gelders Eiland
0%
SVGG
0%
SV Grol
0%
SV Grolse Boys
0%
SVHA
0%
SV Halle
0%
SV Harfsen
0%
SV Hatert
0%
SV Heerewaarden
0%
SV Heumen
0%
SV Keijenburgse Boys
0%
SV Kilder
0%
SV Loil
0%
SV MEC '07
0%
SV Noord Veluwe Boys
0%
SVO '68
0%
SV OBW
0%
SV Prins Bernhard
0%
SV Ratti
0%
SVS '65
0%
SV SDOO
0%
SV Socii
0%
SV Spero
0%
SV TEC
0%
SV V en L De Vecht
0%
SV Waalkanters
0%
SV Waalstad
0%
SV Westendorp
0%
SV Wilp
0%
SV Wodanseck
0%
UHC
0%
Ulftse Boys
0%
Unitas '28
0%
Uni vv
0%
Victoria '25
0%
Vierhouten '82
0%
VIOS Beltrum
0%
VSCO '61
0%
VV Alem
0%
VV Alverna
0%
VV Asperen
0%
VV Beesd
0%
VV BZS
0%
VV DBV
0%
VV Den Dam
0%
VV DEO
0%
VV De Veluwse Boys
0%
VV Dieren
0%
VV Dodewaard
0%
VV DUNO
0%
VV Echteld
0%
VV Erix
0%
VV Etten
0%
VV Ewijk
0%
VVG '25
0%
VV Gendringen
0%
VV Germania
0%
VV Haaften
0%
VV Hedel
0%
VV Heukelum
0%
VV Jan van Arckel
0%
VV Kerkwijk
0%
VV Klein Dochteren
0%
vv Krayenhoff
0%
VVLK
0%
VV Lochuizen
0%
VV Mariënveld
0%
VV M.E.C.
0%
VV Montferland
0%
VV Niftrik
0%
VV Noordijk
0%
VV Ophemert
0%
VV Opijnen
0%
vv OSC
0%
VV Ostrabeke
0%
VV Reünie
0%
VV Rheden
0%
VV Rietmolen
0%
VV SCP
0%
VV SCR
0%
VV SJN
0%
VV Sprinkhanen
0%
VV Teisterbanders
0%
VV Terborg
0%
Vv Trekvogels
0%
VV Tricht
0%
VV Uchta
0%
VV Union
0%
VV Veldhoek
0%
VV Vosseveld
0%
VV Vuren
0%
VV Wadenoyen
0%
VV Witkampers
0%
VV WNC
0%
VV Wolfersveen
0%
VV Worth-Rheden
0%
WAVV
0%
WSV Well
0%
WVW Weurt
0%
ZVV Be Quick
0%
No matching quizzes found
Score Distribution
Percent of People with Each Score
Percentile by Number Answered
Your Score History
You have not taken this quiz